European football champions 2021-2022 - Statistics

General Stats
  • This quiz has been taken 59 times
  • The average score is 9 of 15
Answer Stats
League Champion % Correct
Bundesliga Bayern München
98%
La Liga Real Madrid
96%
Premier League Manchester City
94%
Eredivisie Ajax
92%
Ligue 1 PSG
92%
Scottish Premeirship Celtic
85%
Serie A AC Milan
83%
Primeira Liga Porto
70%
Super League (Switzerland) FC Zürich
47%
Jupiler Pro League Club Brugge
42%
Super league (Greece) Olympiakos
40%
Süper Lig Trabzonspor
40%
Ekstraklasa Lech Poznan
28%
Superligaen FC Kobenhavn
21%
1. HNL Dynamo Zagreb
9%
No matching quizzes found
Score Distribution
Percent of People with Each Score
Percentile by Number Answered
Your Score History
You have not taken this quiz